| 000 | 01115 a2200169 4500 | ||
|---|---|---|---|
| 003 | NUST | ||
| 005 | 20221209142405.0 | ||
| 040 | _cNust | ||
| 082 | _a297.5,USM | ||
| 100 |
_aUsmani., Muhammad Taqi _978221 |
||
| 245 |
_aSpiritual discourses : _ba corrective course of manners and inner character / _cMuhammad Taqi Usmani. |
||
| 260 |
_akarchi _bDarul Ishaat _c2001 |
||
| 300 | _a269 .P: | ||
| 505 | _aReality of Tasawwuf (Page-25), Correcting the Raza'il (Page-37), Mujahidah and Riyadah (Page-51), Correcting the Inner Character (Page-63), The Wicked Look and Its cure (Page-78), Backbiting and the Treatment (Page-98), How to Abstain from Backbiting (Page-112), A Confused Condition (Page-127), How to Seek Forgiveness for Backbiting (PAge-137), The Permitted BackBiting Page-151), Misgiving and Prying and the Cure (Page-168), Treatment of Suspicion and Spying (Page-179), Pride and Arrogance and The Cure (Page-1930, Kinds of Proud Nature (Page-211), Another Remedy for Pride (Page-227)Do Not Regard the Sinner with Scorn (Page-245). | ||
| 650 |
_aSpiritual Discourses _9104554 |
||
| 942 |
_2ddc _cBK _k297.5,USM |
||
| 999 |
_c178768 _d178768 |
||